El proyecto neoliberal en Chile y la construcción de una nueva economía
保存先:
| 第一著者: | |
|---|---|
| フォーマット: | 図書 |
| 言語: | スペイン語 |
| 出版事項: |
Ciudad de México
El Caballito
1997
|
| シリーズ: | Serie Economía Mundial
|
| 主題: | |
| タグ: |
タグ追加
タグなし, このレコードへの初めてのタグを付けませんか!
|
MARC
| LEADER | 00000nam a2200000 a 4500 | ||
|---|---|---|---|
| 001 | UCQ9021 | ||
| 003 | CL-VaPUC | ||
| 008 | 981218e19970000MX |||||||||||||||||spa|d | ||
| 082 | 0 | 4 | |a 330.983 |b OLA |2 21 |
| 100 | |a Olave Castillo, Patricia |e autora |9 423472 | ||
| 245 | 1 | 3 | |a El proyecto neoliberal en Chile y la construcción de una nueva economía |
| 300 | |a 204 p | ||
| 942 | |c BK | ||
| 945 | |d 19981218 00:00:00 |a aarredon | ||
| 260 | |a Ciudad de México |b El Caballito |c 1997 | ||
| 650 | 0 | |a Economía |9 255568 | |
| 650 | 0 | |a Desarrollo económico |9 259599 | |
| 650 | 7 | |a SISTEMAS ECONOMICOS |2 CL-VaPUC |9 423473 | |
| 650 | 0 | |a Empresas |9 255569 | |
| 650 | 0 | |a Economía de mercado |9 328785 | |
| 650 | 0 | |a Producción |9 263680 | |
| 650 | 0 | |a Costes de producción |9 263894 | |
| 650 | 7 | |a COMERCIO INTERNACIONAL |2 CL-VaPUC |9 423474 | |
| 650 | 0 | |a Inflación |9 257218 | |
| 650 | 0 | |a Desempleo |9 257579 | |
| 651 | 7 | |a CHILE |2 CL-VaPUC |9 423475 | |
| 583 | |a last modification |c 19981218 00:00:00 |k Rodrigo Vera | ||
| 490 | 0 | |a Serie Economía Mundial | |
| 999 | |c 278183 |d 278181 | ||
| 952 | |0 0 |1 0 |4 0 |6 330_983000000000000_OLA_1997 |7 0 |8 A |9 316610 |a BIBGIM |b BIBGIM |d 2019-11-20 |i 3493113 |o 330.983 OLA 1997 |p 3493113 |r 2025-01-15 |w 2019-11-20 |y BK |k SSL | ||